| 000 | 00785nam a22002177a 4500 | ||
|---|---|---|---|
| 003 | OSt | ||
| 005 | 20151016132401.0 | ||
| 008 | 130417b2007 sp ||||| |||| 00| 0 cat d | ||
| 020 | _a9788498500691 | ||
| 040 | _cCDMR | ||
| 245 |
_aMontjuïc 1915 _b: primera mirada |
||
| 260 |
_aBarcelona _bAjuntament de Barcelona |
||
| 260 | _bArxiu Històric de la Ciutat | ||
| 260 |
_bInstitut de Cultura de Barcelona _c2007 |
||
| 300 |
_a214 p. _bil. b/n |
||
| 500 | _aCatàleg de l'exposició celebrada entre el 13 de desembre de 2007 i el 30 de maig de 2008 | ||
| 650 | 0 | 4 |
_93095 _aFotografia documental _vExposicions |
| 710 | 2 |
_93217 _aArxiu Històric de la Ciutat (Barcelona, Catalunya) _b-- Arxiu Fotogràfic |
|
| 710 | 2 |
_93218 _aInstitut de Cultura (Barcelona, Catalunya) |
|
| 942 |
_2udc _cMON |
||
| 999 |
_c6113 _d6113 |
||